| 000 | 00383nam a2200157Ia 4500 | ||
|---|---|---|---|
| 008 | 131103s9999 xx 000 0 und d | ||
| 040 | _aLoreto College | ||
| 041 | _aEnglish | ||
| 082 |
_aREF _bLCBED/7896 |
||
| 245 | _aReport on vocational education in India | ||
| 260 |
_aDelhi _b[s.n.] _c1937 |
||
| 300 |
_a138p. _c 22cm. |
||
| 650 | _aREF | ||
| 850 | _aLCBED/REF | ||
| 942 | _cBK | ||
| 999 |
_c34587 _d85066 |
||